000 01518nam a2200313 c 4500
003 BLK
005 20180421000532.0
008 180411b bul|||||r ||||||| ||bul||
010 _aKNG00197840000
040 _aBLK
041 _aBUL
_cBUL
080 _aБългарска литература
_b821.163.2
_x(081)
_z821.163.2(081)
080 _aБългарска литература
_b821.163.2
_x-32
_z821.163.2-32
080 _aБългарска литература
_b821.163.2
_x-7
_z821.163.2-7
100 1 _aЦонев, Васил Димитров
_eпърви автор
_9258712
139 _aЦонев, Васил Димитров
_bЦ 80
245 1 0 _aИзбрани произведения
_bТ. 1 -2 За том: Разкази, фейлетони, приказки, пародии, повести
_cВасил Димитров Цонев.
_nТ. 1
_pОбличай се красиво в дъжда
257 _aBGR
260 София
_bБълг. писател
_c1985
_fВ. Търново : Д. Найденов
300 _c21 см
380 _aX
500 _aВ библиогр. каре означено Избрани произведения. - 10 109 тир.
760 1 _aЦонев, Васил Димитров
_d1985
_h336 с., 1 л. : портр.
_tТ. 1 Обличай се красиво в дъжда
852 _aЦб 136863
856 4 _qpdf
_u
856 4 _qpdf
_u
942 _cKNG
_n0
944 _aCR
_c12.12.2016
_kВаля_Йорданова
944 _aED
_c12.12.2016
_kВаля_Йорданова
999 _c188821
_d188821